MARC details
| 000 -LEADER |
| fixed length control field |
02162cam a2200349 a 4500 |
| 001 - CONTROL NUMBER |
| control field |
15444141 |
| 003 - CONTROL NUMBER IDENTIFIER |
| control field |
OSt |
| 005 - DATE AND TIME OF LATEST TRANSACTION |
| control field |
20160229161358.0 |
| 008 - FIXED-LENGTH DATA ELEMENTS--GENERAL INFORMATION |
| fixed length control field |
080909s2009 nyu 000 1 eng |
| 010 ## - LIBRARY OF CONGRESS CONTROL NUMBER |
| LC control number |
2008039605 |
| 020 ## - INTERNATIONAL STANDARD BOOK NUMBER |
| International Standard Book Number |
9780061188459 (alk. paper) |
| 020 ## - INTERNATIONAL STANDARD BOOK NUMBER |
| International Standard Book Number |
006118845X (alk. paper) |
| 035 ## - SYSTEM CONTROL NUMBER |
| System control number |
(OCoLC)ocn248538550 |
| 040 ## - CATALOGING SOURCE |
| Original cataloging agency |
SEKU |
| 050 00 - LIBRARY OF CONGRESS CALL NUMBER |
| Classification number |
PS 3607 .A22 |
| Item number |
T47 2009 |
| 100 1# - MAIN ENTRY--PERSONAL NAME |
| Personal name |
Gabbay, Tom. |
| 245 14 - TITLE STATEMENT |
| Title |
The Tehran conviction / |
| Statement of responsibility, etc. |
Tom Gabbay. |
| 250 ## - EDITION STATEMENT |
| Edition statement |
1st ed. |
| 260 ## - PUBLICATION, DISTRIBUTION, ETC. (IMPRINT) |
| Place of publication, distribution, etc. |
New York : |
| Name of publisher, distributor, etc. |
William Morrow, |
| Date of publication, distribution, etc. |
c2009. |
| 300 ## - PHYSICAL DESCRIPTION |
| Extent |
282 p. ; |
| Dimensions |
24 cm. |
| 520 ## - SUMMARY, ETC. |
| Summary, etc. |
"Tehran 1953. Jack Teller, a new recruit to the recently established Central Intelligence Agency, finds himself in Iran posing as a high-level American oil executive as part of Operation Ajax, the agency's first attempt to overthrow the government of a sovereign nation. Torn between loyalty to his country's policies and sympathy for the hopes of a fledgling democracy, Jack must ultimately pick which side he will betray. It is a decision that will affect the future of the Middle East and, eventually, the world. Twenty-six years later, in 1979, Jack returns to a very different Iran. The country is in the grip of a religious revolution, and the streets of the capital city are filled with daily rantings against The Great Satan. Jack's attempt to save one man from Islamic justice -- a man whom he had, at one time, called a friend -- leads him into the heart of an emerging struggle between the West and a new and dangerous ideology"--From publisher description. |
| 650 #0 - SUBJECT ADDED ENTRY--TOPICAL TERM |
| Topical term or geographic name as entry element |
Teller, Jack (Fictitious character : Gabbay) |
| Form subdivision |
Fiction. |
| 650 #0 - SUBJECT ADDED ENTRY--TOPICAL TERM |
| Topical term or geographic name as entry element |
Intelligence officers |
| Form subdivision |
Fiction. |
| 650 #0 - SUBJECT ADDED ENTRY--TOPICAL TERM |
| Topical term or geographic name as entry element |
Americans |
| Geographic subdivision |
Iran |
| Form subdivision |
Fiction. |
| 651 #0 - SUBJECT ADDED ENTRY--GEOGRAPHIC NAME |
| Geographic name |
Iran |
| General subdivision |
History |
| Chronological subdivision |
Coup d'état, 1953 |
| Form subdivision |
Fiction. |
| 651 #0 - SUBJECT ADDED ENTRY--GEOGRAPHIC NAME |
| Geographic name |
Iran |
| General subdivision |
History |
| Chronological subdivision |
Revolution, 1979 |
| Form subdivision |
Fiction. |
| 655 #7 - INDEX TERM--GENRE/FORM |
| Genre/form data or focus term |
Historical fiction. |
| Source of term |
gsafd |
| 655 #7 - INDEX TERM--GENRE/FORM |
| Genre/form data or focus term |
Spy stories. |
| Source of term |
gsafd |
| 856 42 - ELECTRONIC LOCATION AND ACCESS |
| Materials specified |
Contributor biographical information |
| Uniform Resource Identifier |
<a href="http://www.loc.gov/catdir/enhancements/fy0911/2008039605-b.html">http://www.loc.gov/catdir/enhancements/fy0911/2008039605-b.html</a> |
| 856 42 - ELECTRONIC LOCATION AND ACCESS |
| Materials specified |
Publisher description |
| Uniform Resource Identifier |
<a href="http://www.loc.gov/catdir/enhancements/fy0911/2008039605-d.html">http://www.loc.gov/catdir/enhancements/fy0911/2008039605-d.html</a> |
| 942 ## - ADDED ENTRY ELEMENTS (KOHA) |
| Source of classification or shelving scheme |
Library of Congress Classification |
| Koha item type |
General circulation |